Which color isn't on the flag? - Statistics

General Stats
  • This quiz has been taken 23 times
  • The average score is 13 of 15
Answer Stats
Question Answer % Correct
Kosovo Black
100%
Lebanon Blue
100%
Myanmar Blue
100%
Chad Green
100%
Netherlands Green
100%
South Korea Orange
100%
Ivory Coast Red
100%
Italy Yellow
100%
United States Yellow
100%
Kiribati Black
80%
Mauritania Blue
80%
Dominica Blue
80%
Argentina Orange
80%
Vanuatu White
80%
Spain Brown
40%
No matching quizzes found
Score Distribution
Percent of People with Each Score
Percentile by Number Answered
Your Score History
You have not taken this quiz